| 000 | 00350cam a22001217a 4500 | ||
|---|---|---|---|
| 008 | 180718b1950 xxu||||| |||| 00| 0 eng d | ||
| 082 | _aB5x669 N644 | ||
| 100 | _aNiven, C.R. | ||
| 245 |
_aHow Nigeria is governed _cby C.R. Niven |
||
| 260 |
_aLondon _bLongmans, Green and Company _c1950 |
||
| 300 | _a184p | ||
| 650 | _aNigeria --Politics and government. | ||
| 999 |
_c421998 _d421998 |
||